000
00308nam a22001457a 4500
999
_c
10409
_d
10409
003
OSt
005
20210223163633.0
008
210223b ||||| |||| 00| 0 eng d
040
_c
DDC
050
_b
C951S
082
_a
220.6
_b
C951S
100
_a
Cross, John R.
245
_a
The Stranger
942
_2
ddc
_c
BK